00441nam a22001577a 450000500170000001000150001702000260003203500130005803700130007108200100008410000180009424500440011226000440015627000570020030000260025720150423145010.0 aENG-112375 a9788170545811c300.00 aEN-95907 bDBAD/PUB a641.3 aAnnapurna, K. aFood and nutrition / cby K. Annapurna  aNew Delhi bClassical Publishing c2012 a28, Shopping Centre, Karampura, bNew Delhi e110015 axviii,112p.c22cm(Hb)